Normal view
MARC view
- Terengganu
Entry Corporate Name
001 - CONTROL NUMBER
- control field: 8866
003 - CONTROL NUMBER IDENTIFIER
- control field: OSt
005 - DATE AND TIME OF LATEST TRANSACTION
- control field: 20170605123319.0
008 - FIXED-LENGTH DATA ELEMENTS
- fixed length control field: 170605|| aca||aabn | a|a d
040 ## - CATALOGING SOURCE
- Original cataloging agency: OSt
- Transcribing agency: OSt
110 ## - HEADING--CORPORATE NAME
- Corporate name or jurisdiction name as entry element: Terengganu
- Subordinate unit: Kastam Diraja Malaysia
670 ## - SOURCE DATA FOUND
- Source citation: Work cat.: (OSt)0: Terengganu Kastam Diraja Malaysia, Laporan Tahunan Kastam Diraja Malaysia Terengganu, 2001-

PORTAL AKMAL
E-MEL JKDM
AKMAL2U
G-BAM
u-PUSTAKA